LEADER 02334nam 2200661Ia 450 001 9910450613803321 005 20200520144314.0 010 $a1-55092-331-5 035 $a(CKB)1000000000031669 035 $a(EBL)256420 035 $a(OCoLC)85024987 035 $a(SSID)ssj0000285417 035 $a(PQKBManifestationID)11207763 035 $a(PQKBTitleCode)TC0000285417 035 $a(PQKBWorkID)10279077 035 $a(PQKB)10230826 035 $a(MiAaPQ)EBC256420 035 $a(CaPaEBR)404481 035 $a(CaBNvSL)gtp00521043 035 $a(MiAaPQ)EBC3241577 035 $a(Au-PeEL)EBL256420 035 $a(CaPaEBR)ebr10085526 035 $a(OCoLC)935230870 035 $a(EXLCZ)991000000000031669 100 $a20020716d2002 uy 0 101 0 $aeng 135 $aur|n|---||||| 181 $ctxt 182 $cc 183 $acr 200 10$aWebs of power$b[electronic resource] $enotes from the global uprising /$fStarhawk 210 $aGabriola, B.C. $cNew Society Publishers$dc2002 215 $a1 online resource (289 p.) 300 $aIncludes index. 311 $a0-86571-456-8 320 $aIncludes bibliographical references: p. 269-270. 327 $aCover; Advance Praise; Title Page; Rights Page; Contents; Acknowledgments; Introduction; Alphabet Soup; Seattle; A16; Prague; Brazil; Quebec City; Genoa; Washington, D.C., and 9-11; Our Place in Nature; The Practice of Direct Democracy; Building a Diverse Movement; Cultural Appropriation; ""Many Roads to Morning""; What We Want; Spirit and Action; Endnotes; Bibliography; Index; About the Author 330 $aA dramatic account of the antiglobalization movement from the front lines. 606 $aGlobalization$xSocial aspects 606 $aProtest movements 606 $aDemonstrations 606 $aInternational economic relations 608 $aElectronic books. 615 0$aGlobalization$xSocial aspects. 615 0$aProtest movements. 615 0$aDemonstrations. 615 0$aInternational economic relations. 676 $a303.48/2 676 $a303.482 676 $a303.61 700 $aStarhawk$0972407 801 0$bMiAaPQ 801 1$bMiAaPQ 801 2$bMiAaPQ 906 $aBOOK 912 $a9910450613803321 996 $aWebs of power$92211144 997 $aUNINA LEADER 04041nam 22006375 450 001 9910407726103321 005 20250609110950.0 010 $a981-15-4735-1 024 7 $a10.1007/978-981-15-4735-5 035 $a(CKB)5310000000016563 035 $a(MiAaPQ)EBC6235663 035 $a(DE-He213)978-981-15-4735-5 035 $a(PPN)248593501 035 $a(MiAaPQ)EBC6235519 035 $a(EXLCZ)995310000000016563 100 $a20200623d2020 u| 0 101 0 $aeng 135 $aurcnu|||||||| 181 $ctxt$2rdacontent 182 $cc$2rdamedia 183 $acr$2rdacarrier 200 10$aAllergy and Immunotoxicology in Occupational Health - The Next Step /$fedited by Takemi Otsuki, Mario Di Gioacchino, Claudia Petrarca 205 $a1st ed. 2020. 210 1$aSingapore :$cSpringer Singapore :$cImprint: Springer,$d2020. 215 $a1 online resource (230 pages) 225 1 $aCurrent Topics in Environmental Health and Preventive Medicine,$x2364-8333 311 08$a981-15-4734-3 327 $a1 Mechanisms of action of inhaled particulates on allergic lung inflammation -- 2 Metal Nanoparticle Health Risk Assessment -- 3 Immune toxicity of and allergic responses to nanomaterials -- 4 Inflammation and environmental (ultrafine) nanoparticles -- 5 Monitoring Nanomaterials in the Workplace -- 6 immunotoxicicity of nanoparticles -- 7 Occupational Respiratory Allergic Diseases: Occupational Asthma -- 8 Occupational Respiratory Allergic Diseases: Occupational Rhinitis -- 9 Occupational Skin Diseases -- 10 Expanding concept of immune reconstitution inflammatory syndrome: a new view regarding how the immune system fights exogenous pathogens -- 11 Workplace Risk Assessment in Occupational Allergology -- 12 Pesticide and Immunotoxicology -- 13 Clinical evaluation of plasma decoy receptor 3 levels in silicosis -- 14 Reduction of anti-tumor immunity caused by asbestos exposure. 330 $aThis book presents a collection of the latest clinical and research findings in the field of allergy and immunotoxicology, covering the allergic responses to various nanoparticles and nanomaterials, posttreatment immune reconstruction, and monitoring the workplace environment. Following on from its acclaimed predecessor, the book provides readers with novel insights into immune effects, autoimmune diseases, and theimmunotoxicity of various substances, such as silica and asbestos. Allergy and Immunotoxicology in Occupational Health - The Next Step invites readers in the occupational health sector to reflect on critical yet unresolved questions, and provides a foundation for future research on the health impairments resulting from environmental and occupational exposure to these substances. 410 0$aCurrent Topics in Environmental Health and Preventive Medicine,$x2364-8333 606 $aAllergy 606 $aMedicine, Industrial 606 $aAllergology$3https://scigraph.springernature.com/ontologies/product-market-codes/H11009 606 $aOccupational Medicine/Industrial Medicine$3https://scigraph.springernature.com/ontologies/product-market-codes/H42001 606 $aAl·lèrgia$2thub 606 $aImmunotoxicologia$2thub 606 $aMalalties autoimmunitàries$2thub 608 $aLlibres electrònics$2thub 615 0$aAllergy. 615 0$aMedicine, Industrial. 615 14$aAllergology. 615 24$aOccupational Medicine/Industrial Medicine. 615 7$aAl·lèrgia 615 7$aImmunotoxicologia 615 7$aMalalties autoimmunitàries 676 $a616.9803 702 $aOtsuki$b Takemi$4edt$4http://id.loc.gov/vocabulary/relators/edt 702 $aDi Gioacchino$b Mario$4edt$4http://id.loc.gov/vocabulary/relators/edt 702 $aPetrarca$b Claudia$4edt$4http://id.loc.gov/vocabulary/relators/edt 801 0$bMiAaPQ 801 1$bMiAaPQ 801 2$bMiAaPQ 906 $aBOOK 912 $a9910407726103321 996 $aAllergy and Immunotoxicology in Occupational Health - The Next Step$92079615 997 $aUNINA